000 00377nam a22001697a 4500
005 20160625164442.0
008 160625b xxu||||| |||| 00| 0 eng d
020 _a81-203-1413-1
041 _aeng
082 _b10322
100 _aParinello, Anthony
_92824
245 _aDynamic Selling
260 _bPHI
_c1998
300 _a304
650 _aManagement
_9241
942 _cBK
999 _c4085
_d4084